Song shi yan jiu lun cong / (Record no. 12792)
[ view plain ]
| 000 -LEADER | |
|---|---|
| fixed length control field | 01155cam a2200325 a 4500 |
| 001 - CONTROL NUMBER | |
| control field | c 62002537 |
| 003 - CONTROL NUMBER IDENTIFIER | |
| control field | DLC |
| 005 - DATE AND TIME OF LATEST TRANSACTION | |
| control field | 20260227111034.0 |
| 008 - FIXED-LENGTH DATA ELEMENTS--GENERAL INFORMATION | |
| fixed length control field | 850624m1962 ch a b 000 0achi |
| 010 ## - LIBRARY OF CONGRESS CONTROL NUMBER | |
| LC control number | c 62002537 |
| 040 ## - CATALOGING SOURCE | |
| Original cataloging agency | DLC |
| Transcribing agency | CarP |
| Modifying agency | DLC |
| 041 0# - LANGUAGE CODE | |
| Language code of text/sound track or separate title | chi |
| Language code of summary or abstract | eng |
| 043 ## - GEOGRAPHIC AREA CODE | |
| Geographic area code | a-cc--- |
| 050 00 - LIBRARY OF CONGRESS CALL NUMBER | |
| Classification number | DS751 |
| Item number | .S758 1962 |
| 066 ## - CHARACTER SETS PRESENT | |
| Alternate G0 or G1 character set | $1 |
| 100 1# - MAIN ENTRY--PERSONAL NAME | |
| Linkage | 880-01 |
| Personal name | Song, Xi, |
| Dates associated with a name | 1920- |
| 245 10 - TITLE STATEMENT | |
| Linkage | 880-02 |
| Title | Song shi yan jiu lun cong / |
| Statement of responsibility, etc. | Song Xi zhu. |
| 260 ## - PUBLICATION, DISTRIBUTION, ETC. | |
| Linkage | 880-03 |
| Place of publication, distribution, etc. | Yangmingshan : |
| Name of publisher, distributor, etc. | Guo fang yan jiu yuan, |
| Date of publication, distribution, etc. | Minguo 51 [1962] |
| 300 ## - PHYSICAL DESCRIPTION | |
| Extent | 4, 204, 21 p. : |
| Other physical details | ill. ; |
| Dimensions | 21 cm. |
| 500 ## - GENERAL NOTE | |
| General note | A summary of essays on the history of the Sung dynasty / by Shee Sung: p. 1-21 (3d group). |
| 504 ## - BIBLIOGRAPHY, ETC. NOTE | |
| Bibliography, etc. note | Includes bibliographical references. |
| 546 ## - LANGUAGE NOTE | |
| Language note | Text in Chinese and English. |
| 651 #0 - SUBJECT ADDED ENTRY--GEOGRAPHIC NAME | |
| Geographic name | China |
| General subdivision | History |
| Chronological subdivision | Song dynasty, 960-1279. |
| 710 2# - ADDED ENTRY--CORPORATE NAME | |
| Linkage | 880-04 |
| Corporate name or jurisdiction name as entry element | Zhongguo wen hua yan jiu suo. |
| 880 1# - ALTERNATE GRAPHIC REPRESENTATION | |
| Linkage | 100-01/$1 |
| a | 宋晞, |
| d | 1920- |
| 880 10 - ALTERNATE GRAPHIC REPRESENTATION | |
| Linkage | 245-02/$1 |
| a | 宋史硏究論叢 / |
| c | 宋晞著. |
| 880 ## - ALTERNATE GRAPHIC REPRESENTATION | |
| Linkage | 250-00/$1 |
| a | 臺初版. |
| 880 ## - ALTERNATE GRAPHIC REPRESENTATION | |
| Linkage | 260-03/$1 |
| a | 陽明山 : |
| b | 國防硏究院, |
| c | 民國51 [1962] |
| 880 2# - ALTERNATE GRAPHIC REPRESENTATION | |
| Linkage | 710-04/$1 |
| a | 中國文化研究所. |
No items available.